| 000 | 00520nam a2200181Ia 4500 | ||
|---|---|---|---|
| 003 | OSt | ||
| 005 | 20260128154802.0 | ||
| 008 | 210210b1956 xxu||||| |||| 00| 0 eng d | ||
| 040 | _cAL | ||
| 041 | _aKannada | ||
| 082 | _a853/461 | ||
| 100 |
_aSHIVASVAMI (S S) _9161954 _dಶಿವಸ್ವಾಮಿ (ಎಸ್ ಎಸ್) |
||
| 245 |
_aHradayantarala: _bಹೃದಯಾಂತರಾಳ |
||
| 260 |
_aBengaluru _bSharada Prakatanalalya _c1956 |
||
| 690 |
_aKannada Drama _9161955 |
||
| 906 | _a019735 | ||
| 942 |
_2ddc _cBK |
||
| 999 |
_c143876 _d143876 |
||